| 000 | 01157cam a2200337 i 4500 | ||
|---|---|---|---|
| 001 | 768714001 | ||
| 003 | CO-MdFUSB | ||
| 005 | 20231124085130.0 | ||
| 008 | 160725t2009 sp ||||| |||| 00| 0 spa d | ||
| 020 | _a978-84-92836-43-7 | ||
| 040 |
_aCO-MdFUSB _bEspañol _cCO-MdFUSB _dCO-MdFUSB _erda |
||
| 041 | _aspa | ||
| 082 |
_224 _aG 231 _bB827d |
||
| 100 | 1 | _aBray, Gerald | |
| 245 | 1 | 3 |
_aLa doctrina de Dios _f / Gerald Bray ; traducido por Daniel Menezo _c/ |
| 264 | 1 |
_aBarcelona, España _b : Andamio, _c[2009] |
|
| 264 | 4 | _c©2009 | |
| 300 |
_a267 páginas _c; |
||
| 336 | _2rdacontent | ||
| 337 | _2rdamedia | ||
| 338 | _2rdacarrier | ||
| 490 | _aBiblioteca José M. Martínez | ||
| 500 | _aTítulo original en inglés: The doctrine of God | ||
| 501 | _arústico | ||
| 505 | 0 | 0 | _aNuestro conocimiento de Dios -- La naturaleza de Dios -- Un Dios en tres personas -- Las personas y la naturaleza de Dios -- La primacía de las Personas de Dios -- Construyendo una teología evangélica hoy |
| 650 | 7 |
_aDios _xNombre _9178 |
|
| 650 | 0 |
_aTeología doctrinal _xHistoria _9159 |
|
| 650 | 7 |
_9177 _aTrinidad |
|
| 942 | _cBK | ||
| 945 | _ajohan1477 | ||
| 999 |
_c46057 _d46057 |
||